000 003900000a22001090004500
090 _aAs
_bSeriadas
245 1 0 _aNuevas especies de cangrejos de agua dulce del género Hypolobocera (Crustacea: Decapoda: Pseudothelphusidae) para Colombia
041 0 _aEspañol
100 1 _aCampos, Martha R.
_963261
942 _cARTICULO
773 1 _tTrianea
_kActa Científica y Tecnológica
_h3
_q143-147
_d1989
999 _c16183
_d16183